ბათუმის შოთა რუსთაველის სახელმწიფო უნივერსიტეტის ბიბლიოთეკა

Справочник-задачник по основам электрорадиотехники и радиолокации. (ბიბ.ჩანაწერი № 50710)

000 -LEADER
fixed length control field 00765nam a2200205Ia 4500
001 - CONTROL NUMBER
control field 17661
003 - CONTROL NUMBER IDENTIFIER
control field GE_BSU
008 - FIXED-LENGTH DATA ELEMENTS--GENERAL INFORMATION
fixed length control field 181216s||||||||xx |||||||||||||| ||und||
040 ## - CATALOGING SOURCE
Transcribing agency GE_BSU
080 ## - UNIVERSAL DECIMAL CLASSIFICATION NUMBER
Universal Decimal Classification number 621.396.6(035.5)
245 ## - TITLE STATEMENT
Title Справочник-задачник по основам электрорадиотехники и радиолокации.
245 ## - TITLE STATEMENT
Statement of responsibility, etc. Под общей редакцией Г.В.Зимина. Ред. А.П.Карусь.
260 ## - PUBLICATION, DISTRIBUTION, ETC.
Place of publication, distribution, etc. М.
260 ## - PUBLICATION, DISTRIBUTION, ETC.
Name of publisher, distributor, etc. Военное изд-во.
260 ## - PUBLICATION, DISTRIBUTION, ETC.
Date of publication, distribution, etc. 1967.
300 ## - PHYSICAL DESCRIPTION
Extent 528 стр. с илл. 21 см.
300 ## - PHYSICAL DESCRIPTION
Accompanying material Табл.
653 ## - INDEX TERM--UNCONTROLLED
Uncontrolled term Справочник-задачник по основам электрорадиотехники и радиолокации.
942 ## - ADDED ENTRY ELEMENTS (KOHA)
Koha item type წიგნი
ეგზემპლარები
Withdrawn status Lost status Damaged status Not for loan Date acquired Barcode Date last seen Price effective from Koha item type
        2018-12-17 10358 2018-12-17 2018-12-17 წიგნი